United Airlines Hubs - Statistics

General Stats
  • This quiz has been taken 391 times
  • The average score is 7 of 8
Answer Stats
Market share Airport % Correct
47% Chicago O'Hare
95%
68% Newark Liberty
95%
15% Los Angeles
94%
46% San Francisco
94%
78% Houston-Intercontinental
92%
42% Denver
89%
65% Washington-Dulles
84%
99% Guam
55%
No matching quizzes found
Score Distribution
Percent of People with Each Score
Percentile by Number Answered
Your Score History
You have not taken this quiz